00741nab a2200217 uc450000100070000000500170000700800410002403500110006503500210007604000130009704100080011010000350011824500930015365000290024665000410027565000340031665000320035077301120038294200100049499900190050479499520240515090734.0030206e20021001 spa  a794995 a(OCoLC)820007419 ccomduadb aspa10aLeal, Aurora4auteaut953186710aNarraciones audiovisuales y representaciones infantiles : los roles masculino y femenino aRepresentación9175481 aInfluencia de la televisión996349 aTelevisión y niños911149 7aRoles sexuales2lemb9672050 tCultura y Educación (Madrid)gVolumen 14, Número 03, Octubre 2002, p. 313-326w110719x1135-6405088459 cARIMP c276510d276510